Portefólio (Registo nº 954)

Detalhes MARC
000 -Etiqueta do registo
Cabeçalho 00679nam0a2200265 i 4500
005 - Identificador da versão
Campo de controlo 20240822164317.0
010 ## - Número internacional normalizado dos livros (ISBN)
Número (ISBN) 9789720060631
021 ## - Número do Depósito Legal
Código do país PT
Número PT -- 205042/4
035 ## - Other System Control Numbers
System Control Number 0001019
System Control Number 0001002
100 ## - Dados gerais de processamento
Dados gerais de processamento 20091123d20042007a y0pory5003 ba
101 0# - Língua de publicação
Língua do texto, banda sonora, etc. Português
Língua do documento no original Português
102 ## - Pais de publicação ou produção
País de publicação Portugal
105 ## - Campo de dados codificados: livros
Dados codificados dos livros a z 001yy
106 ## - Campo de dados codificados: material textual
Dados codificados do material textual r
200 1# - Titulo e menção de responsabilidade
Título próprio Portefólio
Informação de outro título Uma escola de Competências
Primeira menção de responsabilidade Carla Bernardes
Outras menções de responsabilidade Filipa Bizarro Miranda
205 ## - Menção da edição
Menção da edição 1ª ed.
210 ## - Publicação, Distribuição, etc. 
Lugar da edição, distribuição, etc. Porto
Nome do editor, distribuidor, etc. Porto Editora
Data da publicação, distribuição, etc. 2007
215 ## - Descrição física 
Indicação específica da natureza do documento e extensão da espécie 128 p.
Outras indicações físicas il.
Dimensões 28 cm.
304 ## - Notas relativas a título e menção de responsabilidade 
Texto da nota Tít. orig.:
675 ## - Classificação Decimal Universal (CDU)
Notação 371.3(469)
Edição BN
Língua da edição por
700 #1 - Nome de autor-pessoa física (responsabilidade principal)
Número de registo de entrada de autoridade 0001269
Palavra de ordem Bernardes
Outra parte do nome não tomada para palavra de ordem Carla
942 ## - Elementos de entrada adicionados (Koha)
Tipo de item no Koha Livro
Exemplares
Situação do levantamento Origin of item (home branch) (coded) Biblioteca de empréstimo Código de barras Cota Circulation type (not for loan) Tipo de documento Nota do exemplar Damaged status
  Biblioteca Escolar Eng. Nuno Mergulhão Biblioteca Escolar Eng. Nuno Mergulhão BENM1701 371 BER   Livro Sem mensagem